Statistics for Random Movie Quotes #5

Click here to take the quiz!

General Stats

  • This quiz has been taken 40,753 times
    (15,727 since last reset)
  • The average score is 7 of 19

Answer Stats

QuoteMovie% Correct
The first rule of _____ ____ is: you do not talk about _____ ____Fight Club
88%
1.21 gigawatts? Great Scott!Back to the Future
82%
Never feed him after midnightGremlins
71%
It's a TRAP!!!Return of the Jedi
64%
Just when I thought you couldn't possibly be any dumber, you go and do
something like this... and totally redeem yourself!
Dumb & Dumber
53%
Get to the CHOPPA!!Predator
50%
(Song lyric) Hey, it's okay, it's okay, you're welcome. I'm just an ordinary demi-guyMoana
45%
I am Vinz Clortho. Keymaster of Gozer... Are you the Gatekeeper?Ghostbusters
43%
Ex-boyfriends are off-limits to friends. That’s just, like, the rules of feminismMean Girls
39%
Don't be jealous that I've been chatting online with babes all day. Besides, we both know
that I'm training to be a cage fighter.
Napoleon Dynamite
31%
I love scotch. Scotchy, scotch, scotch. Here it goes down, down into my bellyAnchorman
30%
O'Doyle rulesBilly Madison
22%
I can eat fifty eggsCool Hand Luke
21%
Hercules! Hercules! Hercules!The Nutty Professor
21%
Then when you get the money, you get the power. Then when you get
the power, then you get the women.
Scarface
20%
No, if anyone orders Merlot, I'm leaving. I am NOT drinking any ******* Merlot!Sideways
17%
Master Blaster runs BartertownMad Max Beyond
Thunderdome
16%
Brawndo's got what plants craveIdiocracy
14%
She's my sister AND my daughter!Chinatown
13%

Score Distribution

Percentile by Number Answered

Percent of People with Each Score

Your Score History

You have not taken this quiz since the last reset